00521nam a2200169Ia 450000500170000000800410001702000180005804100120007608200160008810000230010424501000012725000120022726000580023930000200029765000200031765000140033720260429111920.0260429s9999||||xx |||||||||||||| ||und|| a9789348491367 aEnglish a780.92bSHA aSharma, Om Prakash 0aUntouched aspects of musicians : bwith special reference to Indian music / cOm Prakash Sharma a1st ed. aNew Delhi : bKanishka Publisher Distributors,c2025. axvi, 223 p.; hb a Untouchability aMusicians